000 00435nam a2200157Ia 4500
008 230917s9999||||xx |||||||||||||| ||und||
020 _cPOU7.5
040 _e14290
_aMAIN
041 _aEnglish
082 _a330.122 K124S
100 _aKalecki, Michal
245 0 _aSelected essays on the dynamics of the capitalist economy 1933-1970
260 _aCambridge
_bCambridge University Press
_c1977
300 _avii,197 p.
942 _cBK
999 _c78960
_d78960